Présidents français - Statistiques

Statistiques générales
  • Ce quiz a été pris 34 fois
  • Le résultat moyen est 13 sur 25
Statistiques - réponses
Mandat Président Parti République % Correct
2017 - présent Emmanuel Macron Renaissance Ve République
90%
2012 - 2017 François Hollande Part Socialiste Ve République
90%
1981 - 1995 François Mitterrand Parti Socialiste Ve République
90%
1995 - 2007 Jacques Chirac Rassemblement pour la République Ve République
86%
1848 - 1852 Louis-Napoléon Bonaparte Bonapartiste IIe République
83%
2007 - 2012 Nicolas Sarkozy Union pour le Mouvement Populaire Ve République
83%
1974 - 1981 Valéry Giscard d'Estaing Union pour la Démocratie Française Ve République
83%
1959 - 1969 Charles de Gaulle Union pour la Nouvelle République Ve République
76%
1969 - 1974 Georges Pompidou Union des Démocrates pour la République Ve République
76%
1954 - 1959 René Coty Centre National des Indépendants et Paysans IVe République
55%
1873 - 1879 Patrice de MacMahon Légitimiste IIIe République
45%
1870 - 1873 Adolphe Thiers Orléaniste IIIe République
41%
1947 - 1954 Vincent Auriol Section Française de l'Internationale Ouvrière IVe République
41%
1913 - 1920 Raymond Poincaré Alliance démocratique IIIe République
38%
1932 - 1940 Albert Lebrun Alliance démocratique IIIe République
31%
1895 - 1899 Félix Faure Républicain modéré IIIe République
31%
1887 - 1894 François-Marie Sadi Carnot Républicain modéré IIIe République
31%
1924 - 1931 Gaston Doumergue Parti Radical IIIe République
31%
1879 - 1887 Jules Grévy Républicain modéré IIIe République
31%
1931 - 1932 Paul Doumer Indépendant IIIe République
31%
1920 - 1924 Alexandre Millerand Indépendant IIIe République
28%
1894 - 1895 Jean Casimir-Périer Républicain modéré IIIe République
28%
1920 Paul Deschanel Alliance démocratique IIIe République
28%
1906 - 1913 Armand Fallières Alliance démocratique IIIe République
24%
1899 - 1906 Emile Loubet Alliance démocratique IIIe République
21%
Aucun quiz correspondant
Distribution des résultats
% des personnes avec chaque résultat
Percentile par nombre de réponses
Votre historique - résultats
Vous n’avez pas pris ce quiz